Memorias de un oficial de la legión británica (Record no. 102123)
[ view plain ]
| 000 -LEADER | |
|---|---|
| campo de control de longitud fija | 01105nam a2200277 i 4500 |
| 001 - NÚMERO DE CONTROL | |
| campo de control | 102123 |
| 003 - IDENTIFICADOR DE NÚMERO DE CONTROL | |
| campo de control | ES-MaACL |
| 005 - FECHA Y HORA DE LA ÚLTIMA TRANSACCIÓN | |
| campo de control | 20251106130051.0 |
| 007 - CAMPO FIJO DE DESCRIPCIÓN FÍSICA--INFORMACIÓN GENERAL | |
| campo de control de longitud fija | t| |
| 008 - DATOS DE LONGITUD FIJA--INFORMACIÓN GENERAL | |
| campo de control de longitud fija | 051103s1916 sp ||||1| spa d |
| 245 00 - MENCIÓN DEL TÍTULO | |
| Título | Memorias de un oficial de la legión británica |
| Resto del título | : campañas y cruceros durante la guerra de emancipación hispano-americana / |
| Mención de responsabilidad, etc. | Luis de Teran, Traductor. |
| 260 ## - PUBLICACIÓN, DISTRIBUCIÓN, ETC. | |
| Lugar de publicación, distribución, etc. | Madrid : |
| Nombre del editor, distribuidor, etc. | Editorial America, |
| Fecha de publicación, distribución, etc. | 1916 ( |
| Fabricante | Imp. de Fortanet) |
| 300 ## - DESCRIPCIÓN FÍSICA | |
| Extensión | 241 p. ; |
| Dimensiones | 23 cm. |
| 490 1# - MENCIÓN DE SERIE | |
| Mención de serie | Biblioteca Ayacucho ; |
| Designación de volumen o secuencia | 8 |
| 530 ## - NOTA DISPONIBLE DE FORMULARIO FÍSICO ADICIONAL | |
| Nota de formato físico adicional disponible | Disponible en formato digital. |
| 651 #4 - PUNTO DE ACCESO ADICIONAL DE MATERIA--NOMBRE GEOGRÁFICO | |
| Nombre geográfico | América española- |
| Subdivisión general | Historia- |
| Subdivisión cronológica | 1806-1830, Guerras de la Independencia. |
| 9 (RLIN) | 7726 |
| 651 #4 - PUNTO DE ACCESO ADICIONAL DE MATERIA--NOMBRE GEOGRÁFICO | |
| Nombre geográfico | Venezuela- |
| Subdivisión general | Descripción. |
| 9 (RLIN) | 9517 |
| 651 #4 - PUNTO DE ACCESO ADICIONAL DE MATERIA--NOMBRE GEOGRÁFICO | |
| Nombre geográfico | Colombia- |
| Subdivisión general | Descripción. |
| 9 (RLIN) | 142474 |
| 651 #4 - PUNTO DE ACCESO ADICIONAL DE MATERIA--NOMBRE GEOGRÁFICO | |
| Nombre geográfico | Chile- |
| Subdivisión general | Descripción. |
| 9 (RLIN) | 143280 |
| 700 1# - ENTRADA AGREGADA--NOMBRE PERSONAL | |
| Nombre de persona | Terán, Luis de, |
| Fechas asociadas al nombre | 1864-1935 |
| 9 (RLIN) | 109725 |
| 830 0# - PUNTO DE ACCESO ADICIONAL DE SERIE-TÍTULO UNIFORME | |
| Título uniforme | Biblioteca Ayacucho ; |
| Designación de volumen o secuencia | 8 |
| 9 (RLIN) | 177888 |
| 852 ## - LOCALIZACIÓN | |
| Ubicación | ES-MaACL |
| Número de control de estantería | G-6080 |
| Ubicación en estantería | Depósito 2 |
| 856 4# - LOCALIZACIÓN Y ACCESO ELECTRÓNICOS | |
| Identificador Uniforme de Recursos | <a href="http://bdh-rd.bne.es/viewer.vm?id=0000099010&page=1 ">http://bdh-rd.bne.es/viewer.vm?id=0000099010&page=1 </a> |
| Texto de enlace | (Biblioteca Digital Hispánica) |
| 942 ## - ELEMENTOS DE ENTRADA SECUNDARIOS (KOHA) | |
| Fuente del sistema de clasificación o colocación | Clasificación decimal universal |
| Estatus retirado | Estado de pérdida | Estado de daño | No para préstamo | Colección | Biblioteca de origen | Biblioteca actual | Ubicación en estantería | Fecha de adquisición | Fuente de adquisición | Total de préstamos | Signatura topográfica completa | Código de barras | Visto por última vez | Precio de reemplazo | Tipo de ítem Koha |
|---|---|---|---|---|---|---|---|---|---|---|---|---|---|---|---|
| Colección digital | Biblioteca del Ateneo de Madrid | Biblioteca del Ateneo de Madrid | Depósito 2 | 17/01/2008 | G-6080 | 1106608 | 23/02/2023 | 23/02/2023 | Libro impreso |
